[Event "76th GEO-ch Women 2019"]
[Site "Tbilisi"]
[Date "2019.03.30"]
[Round "11.5"]
[White "Arabidze, Meri"]
[Black "Tsereteli, Tamar"]
[Result "1-0"]
[WhiteElo "2392"]
[BlackElo "2315"]
[Annotator "NA"]
[PlyCount "71"]
[EventDate "2019.03.19"]
[EventType "swiss"]
[EventCountry "GEO"]
[SourceTitle "playchess.com"]
[Source "ChessBase"]
[SourceQuality "1"]
[TimeControl "40/5400+30:1800+30"]

1. d4 {[%emt 0:03:15]} Nf6 {[%emt 0:00:00]} 2. c4 {[%emt 0:00:06]} c5 {[%emt 0:00:00]} 3. d5 {[%emt 0:00:32]} e5 {[%emt 0:00:23]} 4. Nc3 {[%emt 0:01:35]} d6 {[%emt 0:00:17]} 5. e4 {[%emt 0:00:26]} Be7 {[%emt 0:00:49]} 6. Be2 {[%emt 0:05:40]} Nbd7 {[%emt 0:00:23]} 7. Nf3 {[%emt 0:00:39] A56: Czech Benoni} a6 {[%emt 0:00:32]} (7... O-O 8. O-O Nh5 9. Ne1 Nf4 10. Bxf4 exf4 11. Nd3 Bg5 12. Bg4 Re8 13. Bxd7 Bxd7 14. Qf3 a6 15. a4 Qa5 16. Nxf4 {½-½ (46) Hammer,J (2608)-Aronian,L (2813) Stavanger 2013}) 8. a4 {[%emt 0:00:33]} b6 {[%emt 0:00:43]} 9. O-O {[%emt 0:01:38]} O-O {[%emt 0:00:18]} 10. Ne1 {[%emt 0:07:08]} Ne8 {[%emt 0:00:45]} 11. Nd3 {[%emt 0:02:34]} Bg5 {[%emt 0:01:20]} 12. Rb1 {[%emt 0:01:03]} g6 $146 {[%emt 0:00:46]} ({Predecessor:} 12... Bxc1 13. Qxc1 g6 14. f4 exf4 15. Qxf4 {½-½ (93) Jedlicka,A (2226)-Sergeev,V (2436) Pardubice 2013}) 13. b4 {[%emt 0:02:18]} Bxc1 {[%emt 0:07:38]} 14. Qxc1 {[%emt 0:00:24]} a5 {[%emt 0:08:16]} 15. bxc5 {[%emt 0:03:09]} bxc5 {[%emt 0:00:38]} 16. Nb5 {[%emt 0:14:12]} Ba6 {[%emt 0:01:09]} 17. f4 {[%emt 0:05:18]} exf4 {[%emt 0:09:25]} 18. Qxf4 {[%emt 0:01:31]} Qe7 {[%emt 0:04:38]} 19. Bg4 {[%emt 0:04:09]} Bxb5 {[%emt 0:08:10]} 20. Rxb5 $11 {[%emt 0:11:52]} Ne5 {[%emt 0:08:35]} 21. Nxe5 {[%emt 0:01:32]} dxe5 {[%emt 0:01:28]} 22. Qe3 {[%emt 0:01:35]} Nd6 {[%emt 0:00:39]} 23. Qxc5 {[%emt 0:06:44]} Qd8 {[%emt 0:01:11]} 24. Rbb1 {[%emt 0:05:53]} h5 {[%emt 0:03:41]} 25. Bh3 {[%emt 0:11:09]} Rb8 {[%emt 0:10:56]} 26. Rb5 {[%emt 0:03:58]} Nxe4 {[%emt 0:03:31]} 27. Qe3 {[%emt 0:00:14]} Nd6 {[%emt 0:00:02]} 28. Rxb8 {[%emt 0:00:48]} Qxb8 {[%emt 0:00:01]} 29. c5 {[%emt 0:00:18]} Qa7 {[%emt 0:03:11]} 30. Rc1 {[%emt 0:00:10]} Re8 {[%emt 0:04:18]} 31. Kf2 {[%emt 0:00:54]} Nb7 {[%emt 0:08:25]} 32. c6 {[%emt 0:00:45]} Qxe3+ {[%emt 0:00:11]} 33. Kxe3 {[%emt 0:00:04]} Nd6 {[%emt 0:00:04]} 34. c7 {[%emt 0:01:04]} f5 {[%emt 0:01:05]} 35. Rc6 {[%emt 0:00:12]} Nc8 {[%emt 0:01:34]} 36. d6 {[%emt 0:00:21]} 1-0

[Event "76th GEO-ch Women 2019"]
[Site "Tbilisi"]
[Date "2019.03.30"]
[Round "11.6"]
[White "Mikadze, Miranda"]
[Black "Khukhashvili, Sopiko"]
[Result "0-1"]
[WhiteElo "2266"]
[BlackElo "2342"]
[Annotator "NA"]
[PlyCount "86"]
[EventDate "2019.03.19"]
[EventType "swiss"]
[EventCountry "GEO"]
[SourceTitle "playchess.com"]
[Source "ChessBase"]
[SourceQuality "1"]
[TimeControl "40/5400+30:1800+30"]

1. e4 {[%emt 0:00:00]} d6 {[%emt 0:00:00]} 2. d4 {[%emt 0:00:00]} g6 {[%emt 0:00:00]} 3. Nc3 {[%emt 0:01:46]} Bg7 {[%emt 0:00:00]} 4. g3 {[%emt 0:00:02]} Nd7 {[%emt 0:05:39]} 5. Bg2 {[%emt 0:00:06]} c6 {[%emt 0:01:01]} 6. a4 {[%emt 0:01:23]} a5 {[%emt 0:00:22]} 7. Nge2 {[%emt 0:00:10]} Ngf6 {[%emt 0:00:58]} 8. O-O {[%emt 0:00:07]} O-O {[%emt 0:00:45]} 9. h3 {[%emt 0:00:02]} e5 {[%emt 0:00:53]} 10. Bg5 {[%emt 0:01:12] B07: Pirc Defence: Miscellaneous Systems} (10. b3 exd4 11. Nxd4 Re8 12. Bf4 Nc5 13. Re1 Nh5 14. Be3 Nf6 15. f3 Qc7 16. Qd2 b6 17. Rad1 Bb7 {1-0 (42) Bauer,C (2634)-Berg,E (2581) Maastricht 2016}) 10... h6 {[%emt 0:01:09]} 11. Be3 {[%emt 0:00:04]} Re8 $146 {[%emt 0:00:14]} ({Predecessor:} 11... exd4 12. Nxd4 Re8 13. Qd2 Kh7 14. Rad1 Qc7 15. Rfe1 Bf8 16. f4 Nc5 17. Bf2 Bd7 {0-1 (60) Stoinev,M (2231)-Abramovic,B (2436) Plovdiv 2014}) 12. Qd2 {[%emt 0:00:13]} Kh7 {[%emt 0:00:03]} 13. Rad1 {[%emt 0:00:56]} Qc7 {[%emt 0:02:53]} 14. f4 {[%emt 0:13:47]} exd4 {[%emt 0:14:35]} 15. Bxd4 {[%emt 0:00:52]} Nb6 {[%emt 0:00:49]} 16. b3 {[%emt 0:02:40]} d5 {[%emt 0:01:39]} 17. e5 {[%emt 0:22:35]} Ng8 {[%emt 0:00:17]} 18. Bc5 {[%emt 0:02:38]} f6 {[%emt 0:02:27]} 19. exf6 {[%emt 0:00:45]} Nxf6 {[%emt 0:00:10]} 20. g4 {[%emt 0:01:12]} Nbd7 {[%emt 0:02:30]} 21. Bf2 {[%emt 0:00:18]} Nf8 {[%emt 0:01:31]} 22. Kh1 {[%emt 0:02:27]} h5 $11 {[%emt 0:13:04]} 23. g5 {[%emt 0:07:41]} Ng8 {[%emt 0:05:27]} 24. Nd4 {[%emt 0:08:12]} Ne7 {[%emt 0:03:21]} 25. Nce2 {[%emt 0:00:51]} Nf5 {[%emt 0:04:55]} 26. c4 {[%emt 0:02:42]} dxc4 {[%emt 0:04:20]} 27. bxc4 {[%emt 0:00:34]} Bd7 {[%emt 0:00:44]} 28. Qc1 {[%emt 0:17:15]} Rad8 {[%emt 0:05:23]} 29. c5 {[%emt 0:01:33]} Bc8 {[%emt 0:01:46]} 30. Nxf5 {[%emt 0:04:30]} Bxf5 {[%emt 0:00:32]} 31. Rxd8 {[%emt 0:00:57]} Qxd8 {[%emt 0:00:59]} 32. Ng3 {[%emt 0:00:13]} Qd7 {[%emt 0:02:08]} 33. Nxf5 {[%emt 0:05:32]} Qxf5 {[%emt 0:01:59]} 34. Qd2 {[%emt 0:00:17]} Ne6 {[%emt 0:00:32]} 35. Qd7 {[%emt 0:00:19]} Rd8 {[%emt 0:01:32]} 36. Qxb7 {[%emt 0:00:04]} Rd3 {[%emt 0:11:44]} 37. Qxc6 {[%emt 0:03:23]} Nxf4 {[%emt 0:00:16]} 38. Qe4 {[%emt 0:00:32]} Rxh3+ {[%emt 0:00:20]} 39. Kg1 {[%emt 0:00:01]} Qxg5 {[%emt 0:01:47]} 40. c6 {[%emt 0:00:00]} Rc3 {[%emt 0:00:00]} 41. Be1 {[%emt 0:14:01]} Rc4 {[%emt 0:03:24]} 42. Qf3 {[%emt 0:00:20]} Nxg2 {[%emt 0:00:38]} 43. Qxg2 {[%emt 0:01:27]} Rg4 {[%emt 0:00:10]} 0-1